000 01015nam a2200217Ii 4500
003 JO-AjNU
008 230605s9999||||xx |||||||||||||| ||und||
017 _a2009/2/509
020 _a978-9957-30-076-1
040 _aJO-AjNU
_bara
_erda
_cJO-AjNU
041 _aara
050 1 4 _aPJ 8042 .U239 2009
100 3 _aالعبيدي، علي عزيز,
_eauthor
_924845
245 0 0 _aالرواية العربية في البيئية المغلقة: رواية الأسر العراقية أنموذجا: دراسة فنية
264 3 1 _aعمان: دار فظاءات للنشر والتوزيع والطباعة، 2009
300 _a397ص
_bيشتمل على ببليوجرافية من ص381-397
336 _atext
_btxt
_2rdacontent
337 _aunmediated
_bn
_2rdamedia
338 _avolume
_bnc
_2rdacarrier
650 4 _aالقصة العربية - تاريخ ونقد- العراق - روايات الاسرى - العراق - الحرب العراقية الايرانية في الادب 1980-1988
_924846
999 _aA9214
_c12782
_d12782